000 00331nam a2200157Ia 4500
100 _aSchildt Herbert
650 _aC#
942 _cBK
366 _f25
245 _aComplete Reference:C#4.0
260 _bTata Mc Graw hill Ltd.
_c2010
082 _a5.133
_bSCH
300 _a949
546 _aENGLISH
_cComputers
999 _c26656
_d26656